Zázrak Jána Včeličku

Podrobná bibliografia
Hlavný autor: Dušek, Dušan, 1946- (Autor)
Médium: Článok
Jazyk:slovenčina
Predmet:

MARC

LEADER 00000nab a2200000 a 4500
001 vtls000207238
003 SK-MaSNL
005 20260302203658.0
008 111130c1985 xo 0 slo
015 |a SNBRB19rr/mm-uuuuu 
035 |a CL0217351 
040 |a SNKBUCL  |b slo  |c SNKBUCL  |e AACR2 
041 0 |a slo 
044 |a xo  |c SK 
080 |a 885.4-3  |2 1981 
100 1 |a Dušek, Dušan,  |d 1946-  |4 aut  |9 209536 
245 1 0 |a Zázrak Jána Včeličku  |c Dušan Dušek 
500 |a Informácia o autorovi. 
650 0 7 |a poviedky psychologické  |2 snkbucl  |9 893883 
655 7 |a články z novín a časopisov  |2 snkbucl  |9 267496 
655 7 |a články z odboru literárna veda a krásna literatúra  |2 snkbucl  |9 770045 
773 0 |t Hlas ľudu  |g Roč. 31, č. 38 (14. 2. 1985), s. /7/ 
850 |a Slovenská národná knižnica v Martine  |a MTA001 
852 |a SNK  |b KIS3GCP 
958 |a RK 
958 |a LX 
992 |a RBX 
999 |c 1470171  |d 1472101